Normal view MARC view

Entry Personal Name

Number of records used in: 1

001 - CONTROL NUMBER

  • control field: 7769

003 - CONTROL NUMBER IDENTIFIER

  • control field: OSt

005 - DATE AND TIME OF LATEST TRANSACTION

  • control field: 20211028144233.0

008 - FIXED-LENGTH DATA ELEMENTS

  • fixed length control field: 211028|| aca||aabn | a|a d

040 ## - CATALOGING SOURCE

  • Original cataloging agency: OSt
  • Transcribing agency: OSt

100 ## - HEADING--PERSONAL NAME

  • Personal name: Thereri, Ambili Nair; Wright, Rowena.
  • Miscellaneous information: 1616012

670 ## - SOURCE DATA FOUND

  • Source citation: Work cat.: (OSt): Thereri, Ambili Nair; Wright, Rowena. 1616012, Study on the effect of training and development programmes on work performance at western India plywood ltd Kannur., 2018